El mito sobreviviente de la rehabilitación: una perspectiva desde la dimensión de los derechos humanos (Registro nro. 132224)
[ vista simple ]
| 000 -CABECERA | |
|---|---|
| campo de control de longitud fija | 00531nab a2200193 a 4500 |
| 001 - NÚMERO DE CONTROL | |
| campo de control | 132224 |
| 003 - IDENTIFICADOR DEL NÚMERO DE CONTROL | |
| campo de control | 223903 |
| 005 - FECHA Y HORA DE LA ÚLTIMA TRANSACCIÓN | |
| campo de control | 20201118121901.0 |
| 008 - DATOS DE LONGITUD FIJA--INFORMACIÓN GENERAL | |
| campo de control de longitud fija | ||||||n9999 ||| || || |
| 100 ## - ENTRADA PRINCIPAL--NOMBRE DE PERSONA | |
| Nombre de persona | Barros Leal, César |
| 245 #0 - MENCIÓN DE TÍTULO | |
| Título | El mito sobreviviente de la rehabilitación: una perspectiva desde la dimensión de los derechos humanos |
| 260 ## - PUBLICACIÓN, DISTRIBUCIÓN, ETC. | |
| Lugar de publicación, distribución, etc. | Costa Rica : |
| 300 ## - DESCRIPCIÓN FÍSICA | |
| Extensión | pp.75-87 |
| 562 ## - NOTA DE IDENTIFICACIÓN DE LA COPIA Y VERSIÓN | |
| Número de copias | 0 |
| 650 ## - PUNTO DE ACCESO ADICIONAL DE MATERIA--TÉRMINO DE MATERIA | |
| Término de materia o nombre geográfico como elemento de entrada | PRISIONES |
| 650 ## - PUNTO DE ACCESO ADICIONAL DE MATERIA--TÉRMINO DE MATERIA | |
| Término de materia o nombre geográfico como elemento de entrada | RESOCIALIZACIÓN |
| 773 ## - ENLACE AL DOCUMENTO FUENTE/ENTRADA DE REGISTRO ANFITRIÓN | |
| Número bibliográfico anfitrión | 132076 |
| Encabezamiento principal | Revista IIDH - No.54 |
| 942 ## - ELEMENTOS DE PUNTO DE ACCESO ADICIONAL (KOHA) | |
| Tipo de ítem Koha | Artículo de Revista |
No hay ítems disponibles.

